000 00554ntaaa2200217 4500
003 01
005 20251027202944.0
008 0714s1973 ag 01
020 _a950057005X
040 _aAR-BaBN
_bspa
_cAR-BaBN
_eaacr
_dRIC
082 _a940.1000 R66e
100 _aRomero, José Luis
_96343
245 _aLa edad media
250 _a3 ed.
260 _aBuenos Aires :
_bFondo de Cultura Económica,
_c1982
300 _a214 p ;
_c17 cm
500 _aBibliografía: p. 211-212
650 _acultura
_92043
650 _ahistoria
_9175
942 _cBK
999 _c24886
_d24886